Účet cudzích prostriedkov v rozpočtových organizáciách

Oprávnenie rozpočtových organizácií previesť na účet cudzích prostriedkov výdavky, ktoré sa uskutočnia v januári 2018. Toto oprávnenie je upravené v zákone č. 523/2004 Z. z. o rozpočtových pravidlách verejnej správy a o zmene a doplnení niektorých zákonov v z. n. p.

Gespeichert in:
Bibliographische Detailangaben
1. Verfasser: Konečná Veverková, Ingrid
Format: Buchkapitel
Sprache:Slowakisch
Schlagworte:
Tags: Tag hinzufügen
Keine Tags, Fügen Sie das erste Tag hinzu!

MARC

LEADER 00000naa a2200000 4500
001 0239714
005 20221104112914.7
041 0 |a slo 
044 |a SK 
245 1 0 |a Účet cudzích prostriedkov v rozpočtových organizáciách  |c Ingrid Konečná Veverková 
520 |a Oprávnenie rozpočtových organizácií previesť na účet cudzích prostriedkov výdavky, ktoré sa uskutočnia v januári 2018. Toto oprávnenie je upravené v zákone č. 523/2004 Z. z. o rozpočtových pravidlách verejnej správy a o zmene a doplnení niektorých zákonov v z. n. p. 
610 2 0 |a organizácie rozpočtové 
610 2 0 |a správa verejná 
610 2 0 |a účty 
610 2 0 |a pravidlá rozpočtové 
100 1 |a Konečná Veverková, Ingrid